Detalles MARC
| 000 -LÍDER |
| Campo fijo de descripción fija |
02703cam a2200373 i 4500 |
| 001 - NÚMERO DE CONTROL |
| Campo de control |
768714001 |
| 003 - IDENTIFICADOR DEL NÚMERO DE CONTROL |
| Campo de control |
CO-MdFUSB |
| 005 - FECHA Y HORA DE LA ULTIMA TRANSACCIÓN |
| control field |
20230331082848.0 |
| 007 - CAMPO FIJO DE DESCRIPCIÓN FIJA--INFORMACIÓN GENERAL |
| Campo fijo de descripción fija |
ta |
| 008 - ELEMENTOS DE LONGITUD FIJA -- INFORMACIÓN GENERAL |
| Campo fijo de descripción fija -- Información general |
970318t19971997-us b 001 0 eng |
| 020 ## - NÚMERO INTERNACIONAL NORMALIZADO PARA LIBROS |
| Número Internacional Normalizado del libro |
0664219411 |
| 040 ## - FUENTE DE CATALOGACIÓN |
| Agencia de catalogación original |
DLC |
| Idioma de catalogación |
eng |
| Agencia que realiza la transcripción |
CO-MdFUSB |
| Agencia que realiza la modificación |
OrLoB-B |
| Convenciones de la descripción |
rda |
| 041 ## - CÓDIGO DE IDIOMA |
| Código de idioma para texto/pista de sonido o título separado |
eng |
| 082 ## - NÚMERO DE CLASIFICACIÓN DECIMAL DEWEY |
| Número de la edición del Dewey |
23 |
| Número de clasificación |
222.207 |
| Clave de autor-Numero de item |
N429 |
| 100 1# - ASIENTO PRINCIPAL--NOMBRE PERSONAL |
| Nombre personal |
Nelson, Richard D. |
| Fechas asociadas con el nombre |
1945- |
| Término relacionador |
autor |
| 245 10 - TÍTULO |
| Título del Material |
Joshua : |
| Parte restante del título - Subtitulo |
a commentary |
| Mención de responsabilidad, etc. |
/ Richard D. Nelson. |
| 250 ## - MENCIÓN DE EDICIÓN |
| Mención de edición |
primera edición |
| 264 #1 - PRODUCCIÓN, PUBLICACIÓN, DISTRIBUCIÓN, MANUFACTURA, Y COPYRIGHT |
| Lugar de producción, publicación, distribución, manufactura |
Louisville, Ky. : |
| Nombre del productor, publicador, distribuidor |
Westminster John Knox Press, |
| Fecha de producción, publicación, distribución, manufactura, o copyright |
[1997] |
| 264 #4 - PRODUCCIÓN, PUBLICACIÓN, DISTRIBUCIÓN, MANUFACTURA, Y COPYRIGHT |
| Fecha de producción, publicación, distribución, manufactura, o copyright |
© 1997 |
| 300 ## - DESCRIPCIÓN FÍSICA |
| Extensión |
310 páginas ; |
| Dimensiones |
23 cm |
| 336 ## - TIPO DE CONTENIDO |
| Término de tipo de contenido |
texto |
| Código de tipo de contenido |
txt |
| Fuente |
rdacontent. |
| 337 ## - TIPO DE MEDIO |
| Nombre del tipo de medio |
sin mediación |
| Código del tipo de medio |
n |
| Fuente |
rdamedia. |
| 338 ## - TIPO DE SOPORTE |
| Nombre del tipo de soporte |
volumen |
| Código Tipo de soporte |
nc |
| Fuente |
rdacarrier. |
| 490 1# - MENCIÓN DE SERIE |
| Mención de serie |
The Old Testament library. |
| 504 ## - NOTA DE BIBLIOGRAFÍA, ETC. |
| Nota de bibliografía, etc |
Incluye referencias bibliográficas e índices. |
| 505 ## - NOTA DE CONTENIDO |
| Nota de contenido con formato preestablecido |
Introducción. El carácter y la relevancia de Josué. -- Josué y la historia. -- Formación del libro. -- Crítica de formularios. -- Análisis literario. - -Temas teológicos. -- La figura de Josué. -- Texto. -- Josué. Preparativos. -- Rahab burla a los exploradores. -- Cruzando el Jordán. -- Completando la travesía. -- Comenzando en la nueva tierra. -- Capturando Jericó. -- El pecado de Acán y sus consecuencias. -- Leyendo la ley. -- El truco de los gabaonitas. -- Campaña triunfal en el Sur. -- Campaña triunfal en el norte. --. -- Lista de reyes derrotados. -- La orden de dividir la tierra. -- Las tribus al este del Jordán -- Preludio a la distribución. -- Judá. -- Efraín. -- Manasés. -- División en Shiloh. -- Benjamín. -- Las seis tribus restantes. -- Ciudades de refugio. -- ciudades levitas. -- Un testimonio de solidaridad. - - Despedida de josué. -- Asamblea en Siquem. -- Tres tradiciones graves.<br/> |
| 520 1# - NOTA DE RESUMEN, ETC. |
| Nota de sumario, etc. |
"El libro de Josué detalla las conquistas de la tierra en Palestina por parte del antiguo Israel. Para los lectores modernos, la historia puede tocar un nervio; su crónica de brutalidad y genocidio puede verse como paralela a la historia más reciente". "El libro de Josué tiene muchos problemas textuales, principalmente diferencias entre los textos hebreo y griego. Gran parte de la inconsistencia proviene de las variadas formas de narración en el libro, que incluyen narraciones de guerra, cuentos populares, sermones y listas de ciudades". "En este comentario, Richard D. Nelson aborda los temas textuales y ofrece perspectivas históricas, literarias y teológicas sobre Josué". |
| 563 ## - NOTA DE ENCUADERNACIÓN |
| Nota de encuadernación |
Pasta dura |
| 630 07 - TITULO UNIFORME |
| Título uniforme |
Biblia. |
| Nombre de parte o sección de la obra |
Josué |
| Subdivisión de materia general |
Crítica, interpretación, etc. |
| 830 #0 - PUNTO DE ACCESO ADICIONAL DE SERIE - TÍTULO UNIFORME |
| Título uniforme |
Old Testament library. |
| 942 ## - TIPO DE MATERIAL (KOHA) |
| Tipo de Item KOHA |
Libros General |
| 945 ## - INFORMACIÓN LOCAL DEL REGISTRO |
| Catalogador |
JTF-925 |